Quizzes
Events
Quiz Creation
Community
Videos
Private Events
Remove Ads
Sign In
Join for FREE
Feedback
Dark Mode
Quiz Categories
Sports
Geography
Music
Movies
Television
Just For Fun
Miscellaneous
History
Literature
Language
Science
Gaming
Entertainment
Religion
Holiday
For Kids
Quiz Lab
Recent
Popular Today
Quiz Kudos Today
Editor Picks
Curator Picks
Quizzes by...
Day
Popularity
Type
Ratings
Length
Year
Community
Subscriptions
Recent Discussions
Orange Saloon
Badges
Playlists
Quests
Create
Leaderboards
Showdown
Live 5
Trivia Bingo
Activity
Puzzle Library
Sporcle Events
Private Events
Virtual Trivia
Globe League
Become a Host
Pub Owners
SporcleCon
Opinionation
Our Games
Videos
Blog
Mobile Apps
Partnerships
Remove Ads and Go Orange
Feedback
Language
Vocabulary
Begins and Ends
Definition
Spanish
French
German
Italian
Chinese
Latin
Translation
Japanese
Language
Vocabulary
Begins and Ends
Definition
Spanish
French
German
Italian
Chinese
Latin
Translation
Japanese
Random Quiz
Search Sporcle
×
Quiz Lab
Quiz Lab
Language
Spanish
Type in answers that appear in a list
Type in answers that appear in a list
Classic
Best Score? Go Orange.
Spanish 2 Final Review Stats
Can you name the answer to the questions?
By
cjfolsom
10m
30 Questions
29 Plays
29 Plays
29 Plays
Comments
Comments
Give Quiz Kudos
Give Quiz Kudos
-
- Ratings
hide this ad
Replay
Link that replays current quiz
Next Quiz
Link to next quiz in quiz playlist
You Got
0%
They Got
Avg Score
33%
Avg Friend Score
Upgrade to see
Score Distribution
Jump to the score distribution portion of the page
Score
0/30
Timer
10:00
0
Plays Today
Clue
Answer
% Correct
my books
mis libros
85.2%
45
cuarenta y cinco
59.3%
pants
pantalones
59.3%
37
treinta y siete
55.6%
to iron
planchar
48.1%
he was talking
hablaba
48.1%
t-
shirt
camiseta
48.1%
456
cuatrocientos cincuenta y seis
44.4%
they were singing
cantaban
40.7%
789
setecientos ochenta y nueve
40.7%
dress
vestido
40.7%
make-
up
maquillaje
37%
skirt
falda
37%
I take a shower
me ducho
33.3%
123
ciento veinte y tres
33.3%
Clue
Answer
% Correct
564
quinientos sesenta y cuatro
33.3%
we went
fuimos
33.3%
She was tall.
Ella era alta.
29.6%
we were working
trabajábamos
25.9%
It was cold.
Hacía frío.
25.9%
soap
jabón
22.2%
he wrote
escribió
22.2%
I paid
pagué
22.2%
you swept the floor
barriste el piso
18.5%
I took out the trash
saqué la basura
18.5%
bath tub
bañera
14.8%
It was three.
Eran las tres.
14.8%
You get ready
te preparas
11.1%
he watered the plants
regué las plantas
7.4%
to dust
sacudir el polvo
7.4%
Quiz Playlist
Details
Report
Send in Message
Add To Playlist
Classic:
Type in answers that appear in a list
Last Updated: Feb 16, 2017
Quiz Scoreboard
CHALLENGE
Sign Up to Join the Scoreboard
Show All
Scores
Hide
Comments
May contain spoilers
Recently Published
Popular People in 1961
by mucciniale
History
6m
1-10 Letter E Words III
by El_Dandy
Language
2m
One Thing in Common: World Cities II
by knightlancer
Geography
7m
More to Explore
Quiz From the Vault
Featured Blog Post
Where Did the Easter Bunny Come From?
hide this ad
You Might Also Like...
Tags
Spanish Quiz
final
Review
Today's Top Quizzes in Language
Browse Language
hide this ad
Today's Top Quizzes in Spanish
Browse Spanish
Top Contributed Quizzes in Language
1
Order Up: Top 10 Most Native Spoken Languages
2
1-10 Letter F Words III
3
1-10 Letter G Words III
4
1-10 Letter H Words III
5
One Thing in Common: Italy
6
1-10 Letter I Words III
7
Begins and Ends With AN
8
Weisst du, aus welchen Sprachen diese Wörter stammen?
9
Hiragana Speed Reading
10
1-10 Letter J Words III
Explore More
Trending Topics
Harry Potter
Marvel
NBA
Kpop
Crossword
Anime
Disney
Puzzle
The Office
NFL
Pokémon
Soccer
Country
WWE
Song
hide this ad
More By:
cjfolsom
Quiz
Plays
Rating
Category
Featured
Created
Spanish 3 Unit 5 Legends Vocabulary
143
5.00
Language
Mar 28, 2013
Waukee Spanish Reflexives Practice
121
Language
Feb 16, 2012
Spanish 3 Celebrations Vocabulary
67
Language
Apr 5, 2012
Spanish 3 Unit 2 Vocabulary: Folsom
36
Language
Feb 5, 2013
Spanish 2 Final Review
29
Language
Jan 12, 2011
Go to Creator's Profile
Score Distribution
Quiz Creator Spotlight
cjfolsom
Follow
Send a Message
Quizzes Created
-
Created Quiz Play Count
-
More By This Creator
Popular Quizzes Today
1
Find the US States - No Outlines Minefield
2
Find the Countries of Europe - No Outlines Minefield
3
The Countries of the World
4
Popular People in 1961
5
1-10 Letter E Words III
6
Find the US States
7
One Thing in Common: World Cities II
8
US States
More Language Quizzes
Creator of Words! II
Published
Trending Quizzes
Risky Map Clicking: Least Populous States A-Z
1-10 Letter F Words
1-10 Letter G Words
One Thing in Common: United Kingdom
Risky Map Clicking: Biggest States A-Z
Recently Updated
Leaping Animals
pecheneg
Reality TV Shows (A-Z)
bhenderson79
Rickey Henderson's Hall of Fame Teammates
pecheneg
Champions League XIs: Arsenal
pecheneg
Quick Pick: Celebrities in WWE's Hall of Fame
aduchscher
A-Z Keypad Blitz II
pecheneg
Multiple Oscar Actors
pecheneg
Mystery Phrase Blitz: Oscar 'Best Actors'
pecheneg
F. Scott Fitzgerald Novels
LTH
Pick 3 Villains
ddd62291
Trending Topics
Anime
Disney
Crossword
NBA
Kpop
Marvel
Harry Potter
NFL
Country
Song
WWE
Soccer
Puzzle
Pokémon
The Office
Your Account Isn't Verified!
In order to create a playlist on Sporcle, you need to verify the email address you used during registration. Go to your
Sporcle Settings
to finish the process.
Report this User
Report this user for behavior that violates our
Community Guidelines
.
Details:
Send Report
Go to the Sporcle.com Mobile Site →
Comments